Metallica Lyrics – #33: Dyers Eve - Statistics

General Stats
  • This quiz has been taken 23 times
  • The average score is 143 of 210
Answer Stats
Answer % Correct
Dear
100%
dear
100%
father
100%
mother,
100%
I
88%
is
88%
me
88%
this
88%
you
88%
You
88%
from
82%
have
82%
heal
82%
hell
82%
I'm
82%
in,
82%
in
82%
my
82%
No
82%
not
82%
out,
82%
out
82%
put
82%
through?
82%
through
82%
to
82%
What
82%
your
82%
be?
76%
Innocence,
76%
or
76%
that
76%
the
76%
as
71%
but
71%
But
71%
"Do
71%
do"
71%
Every
71%
every
71%
for
71%
Hear
71%
life
71%
see
71%
thing
71%
with
71%
without
71%
are
65%
blindly
65%
Day
65%
day
65%
heard
65%
I've
65%
Living
65%
living
65%
reality,
65%
say
65%
say,
65%
torn
65%
you'd
65%
Always
59%
always
59%
before
59%
call
59%
Children
59%
deceiver
59%
disapprove
59%
everything
59%
fly
59%
fucking
59%
I'd
59%
inspired
59%
learned
59%
lullaby
59%
move
59%
right
59%
seen
59%
shelter
59%
they
59%
thought
59%
what's
59%
wings
59%
world
59%
wrong
59%
Believer,
53%
Cannot
53%
clipped
53%
outgrown
53%
please
53%
Pushed
53%
rescue
53%
Same
53%
Tear
53%
think
53%
two
53%
unspoken
53%
dictator
47%
it's
47%
knew
47%
left
47%
nothing,
47%
nothing
47%
onto
47%
Unspoiled,
47%
censoring
41%
cope
41%
Curator,
41%
feel
41%
Hidden
41%
Innocent
41%
victim,
41%
at
35%
Barred
35%
giving
35%
guarantee
35%
made
35%
never
35%
Ripping
35%
you've
35%
bleeding
29%
chance
29%
damn
29%
lived
29%
spite
29%
still,
29%
Time
29%
Undying
29%
wounds
29%
face
24%
fact
24%
has
24%
seething,
18%
Shocked
18%
frozen
6%
No matching quizzes found
Score Distribution
Percent of People with Each Score
Percentile by Number Answered
Your Score History
You have not taken this quiz